V Budove Kráľovskej súdnej tabule dnes sídli Rektorát UPJŠ

Bibliographic Details
Main Author: Kolcun, Milan, 1969- (Author)
Corporate Authors: Kráľovská súdna tabuľa (Košice, Slovensko) (Author), Univerzita Pavla Jozefa Šafárika v Košiciach (Author)
Format: Article
Language:Slovak
PhysicalDescription:1 foto
ISSN:1335-4566
Subjects:

MARC

LEADER 00000nab a2200000 a 4500
001 vtls000932195
003 SK-MaSNL
005 20260303205552.0
008 040720e20040820xo 0 slo
035 |a KE41072 
040 |a KEVKJB  |b slo  |c KEVKJB  |e AACR2 
041 0 |a slo 
044 |a xo  |c SK 
080 |a 727.1  |2 1981 
100 1 |a Kolcun, Milan,  |d 1969-   |4 aut  |9 105317 
245 1 0 |a V Budove Kráľovskej súdnej tabule dnes sídli Rektorát UPJŠ 
300 |b 1 foto 
610 2 7 |a Kráľovská súdna tabuľa (Košice, Slovensko)  |2 KEVKJB  |9 1240362 
610 2 7 |a Univerzita Pavla Jozefa Šafárika v Košiciach  |2 KEVKJB  |9 166726 
650 0 7 |a historické budovy   |2 KEVKJB  |9 31778 
651 7 |a Košice (Slovensko)  |2 KEVKJB  |9 18694 
651 7 |a KE,  |2 KEVKJB  |9 877256 
655 7 |a periodikum  |2 snkbucl  |9 29553 
710 2 |a Kráľovská súdna tabuľa (Košice, Slovensko)  |4 aut  |9 1240362 
710 2 |a Univerzita Pavla Jozefa Šafárika v Košiciach  |4 aut  |9 166726 
773 0 8 |t Košický denník Korzár  |g Roč. 7, č.193, 20.8.2004, s. 15  |x 1335-4566 
773 0 8 |i Príl.:  |t Pohoda 
852 |a ZVYKNI  |b KIS3GCP 
999 |c 2196010  |d 2197940